[Event "chess.com Speed 2020"]
[Site "chess.com INT"]
[Date "2020.11.16"]
[Round "1.25"]
[White "Caruana, Fabiano"]
[Black "Duda, Jan-Krzysztof"]
[Result "1/2-1/2"]
[WhiteTitle "GM"]
[BlackTitle "GM"]
[WhiteElo "2823"]
[BlackElo "2743"]
[WhiteFideId "2020009"]
[BlackFideId "1170546"]
[EventDate "2020.11.01"]

1. e4 e5 2. Nf3 Nf6 3. Nxe5 d6 4. Nf3 Nxe4 5. Nc3 Nxc3 6. dxc3 Be7 7. Be3 O-O 8.
Qd2 Nd7 9. O-O-O Nf6 10. Bd3 c5 11. Rhe1 Be6 12. a3 c4 13. Bf1 Ne4 14. Qe2 d5
15. Bd4 b5 16. Nd2 Nd6 17. g3 Re8 18. Bg2 Nf5 19. Nf3 a5 20. Ne5 Qc7 21. Qh5 g6
22. Qf3 b4 23. a4 Rab8 24. h4 bxc3 25. Bxc3 d4 26. Rxd4 Nxd4 27. Bxd4 Bc5 28.
Bc3 Bb4 29. Nc6 Bxc3 30. Qxc3 Rb6 31. Nxa5 Reb8 32. b3 Qc5 33. Nxc4 Bxc4 34.
Qxc4 Qxc4 35. bxc4 Rb1+ 36. Kd2 Rxe1 37. Kxe1 Rb4 38. Bd5 Rxa4 39. Kd2 Kf8 40.
Kd3 Ke7 41. Kd4 Ra2 42. Kd3 f6 43. c5 Ra4 44. c6 Kd6 45. c4 Ra2 46. Ke3 Rb2 47.
Kf3 h6 48. g4 g5 49. hxg5 hxg5 50. Ke3 Rb8 51. Ke4 Ke7 52. Kf5 Rc8 53. f3 Rc7
54. Kg6 Rc8 55. Kf5 Rc7 56. Kg6 Rc8 57. Kg7 Rc7 58. Kh6 Rc8 59. Kg6 Rc7 60. Kf5
Rc8 61. Ke4 Rc7 62. Kd4 Kd6 63. Ke4 Ke7 64. f4 gxf4 65. Kxf4 Kd6 66. Kf5 Ke7 67.
c5 Rc8 68. Ke4 Rc7 69. Kd4 Rc8 70. Kc4 Kd8 71. Kd4 Kc7 72. Ke4 Re8+ 73. Kd4 Re5
74. Be4 Rg5 75. Bf3 Kc8 76. Kc4 Kd8 77. Kd4 Re5 78. Be4 Kc7 79. Bf3 Rg5 80. Kc4
Kb8 81. Kd4 Kc8 82. Kc4 Kc7 83. Kd4 Re5 84. Be4 Rg5 85. Bf3 1/2-1/2

[Event "chess.com Speed 2020"]
[Site "chess.com INT"]
[Date "2020.11.16"]
[Round "1.26"]
[White "Duda, Jan-Krzysztof"]
[Black "Caruana, Fabiano"]
[Result "1/2-1/2"]
[WhiteTitle "GM"]
[BlackTitle "GM"]
[WhiteElo "2743"]
[BlackElo "2823"]
[WhiteFideId "1170546"]
[BlackFideId "2020009"]
[EventDate "2020.11.01"]

1. e4 e5 2. Nf3 Nf6 3. Nxe5 d6 4. Nf3 Nxe4 5. d4 d5 6. Bd3 Bf5 7. O-O Be7 8. c4
dxc4 9. Bxc4 O-O 10. Re1 Nc6 11. Nc3 Nd6 12. Bb3 Nb4 13. a3 Nd3 14. Re2 Nxc1 15.
Qxc1 c6 16. Qf4 Bf6 17. Rae1 g6 18. g4 g5 19. Qg3 Bg6 20. Ne5 Kg7 21. Ba2 Rc8
22. Re3 Rc7 23. Ne2 Re8 24. Nc3 Rce7 25. f4 gxf4 26. Qxf4 h6 27. R3e2 Nc8 28.
Kh1 Nb6 29. Rf1 Bg5 30. Qf2 Qd6 31. h4 Bf6 32. h5 Bh7 33. Nxf7 Qxd4 34. Rxe7
Rxe7 35. Qxd4 Bxd4 36. Nd6 Be5 37. Nf5+ Bxf5 38. Rxf5 Bxc3 39. bxc3 Re1+ 40. Kg2
Re2+ 41. Rf2 Rxf2+ 42. Kxf2 Na4 43. c4 Kf6 44. Bb3 Nc5 45. Bc2 Nd7 46. Kg3 Ne5
47. Bb3 Kg5 48. c5 Nd3 49. Be6 Nxc5 50. Bc8 b6 51. Kf3 Nb3 52. Ke4 c5 53. Kd5
Nd4 54. a4 Ne2 55. a5 bxa5 56. Kxc5 Nc3 57. Bd7 Ne4+ 58. Kb5 Nf6 59. Be6 Nxg4
60. Bf7 Nf6 61. Kxa5 Nxh5 62. Ka6 Ng7 63. Kxa7 Kf6 64. Bd5 h5 65. Kb6 h4 66. Bg2
Ke5 67. Kc5 Ne6+ 68. Kc4 Kf4 69. Bh3 Ng5 70. Bc8 Ke4 71. Kc3 Ke3 72. Kc2 Nf3 73.
Kd1 Kf2 74. Bg4 Ne5 75. Be6 Kg3 76. Ke2 Ng4 77. Bxg4 Kxg4 78. Kf2 h3 79. Kg1 Kg3
80. Kh1 h2 1/2-1/2

[Event "chess.com Speed 2020"]
[Site "chess.com INT"]
[Date "2020.11.16"]
[Round "1.27"]
[White "Caruana, Fabiano"]
[Black "Duda, Jan-Krzysztof"]
[Result "1/2-1/2"]
[WhiteTitle "GM"]
[BlackTitle "GM"]
[WhiteElo "2823"]
[BlackElo "2743"]
[WhiteFideId "2020009"]
[BlackFideId "1170546"]
[EventDate "2020.11.01"]

1. e4 e5 2. Nf3 Nf6 3. Nxe5 d6 4. Nf3 Nxe4 5. Nc3 Nxc3 6. dxc3 Be7 7. Be3 Nd7 8.
Qd2 O-O 9. O-O-O Nf6 10. Bd3 Be6 11. Nd4 Bd7 12. c4 Re8 13. f3 d5 14. Rhe1 c5
15. Nf5 Bxf5 16. Bxf5 d4 17. Bf4 Nh5 18. Kb1 g6 19. Bd3 Nxf4 20. Qxf4 Qd6 21.
Qe4 Qd7 22. g3 Bg5 23. Qd5 Qxd5 24. cxd5 Rxe1 25. Rxe1 Rd8 26. f4 Bf6 27. Bc4
Kf8 28. a4 Re8 29. Rxe8+ Kxe8 30. Kc1 1/2-1/2

[Event "chess.com Speed 2020"]
[Site "chess.com INT"]
[Date "2020.11.16"]
[Round "1.28"]
[White "Duda, Jan-Krzysztof"]
[Black "Caruana, Fabiano"]
[Result "1/2-1/2"]
[WhiteTitle "GM"]
[BlackTitle "GM"]
[WhiteElo "2743"]
[BlackElo "2823"]
[WhiteFideId "1170546"]
[BlackFideId "2020009"]
[EventDate "2020.11.01"]

1. d4 Nf6 2. c4 e6 3. Nc3 Bb4 4. e3 O-O 5. Bd3 c5 6. Nf3 d5 7. cxd5 exd5 8. dxc5
Nbd7 9. Be2 Nxc5 10. Bd2 Bf5 11. a3 Bxc3 12. Bxc3 Nfe4 13. Bd4 Ne6 14. O-O Nxd4
15. Qxd4 Qd6 16. Rfd1 Rfd8 17. Rac1 h6 18. Bd3 Qe7 19. Qe5 Qxe5 20. Nxe5 Be6 21.
Rc7 Rac8 22. Rdc1 Nd6 23. Rxc8 Rxc8 24. Rxc8+ Bxc8 25. Kf1 Kf8 26. Ke1 Ke7 27.
Nf3 Bf5 28. Bf1 Be4 29. Nd4 g5 30. Kd2 h5 31. f3 Bg6 32. Kc3 h4 33. Nb5 Nxb5+
34. Bxb5 f6 35. Kd4 Kd6 36. Ba4 Bh5 37. Bb3 Bf7 38. e4 b6 39. Bxd5 Be8 40. g3
hxg3 41. hxg3 Bd7 42. Bc4 Bc6 43. Bd3 Bd7 44. Bf1 a5 45. Bc4 Bc6 46. Bd5 Bd7 47.
Bf7 Bc6 48. Bg6 Bd7 49. Bf5 Bc6 50. f4 gxf4 51. gxf4 Bb7 52. Bh3 Bc6 53. Bg2 Bd7
54. Bf3 Bb5 55. Bd1 Bc6 56. Bb3 Bb5 57. Bd5 Bd7 58. Bb7 Bb5 59. Ba8 Bd7 60. Bd5
Bb5 61. Bf7 Bc6 62. Bh5 Bd7 63. Bf3 Bb5 64. Bd1 Bc6 65. Bb3 Bb5 66. Bd5 Bd7 67.
Ke3 Bb5 68. Kd4 1/2-1/2

[Event "chess.com Speed 2020"]
[Site "chess.com INT"]
[Date "2020.11.16"]
[Round "1.11"]
[White "Artemiev, Vladislav"]
[Black "Giri, Anish"]
[Result "1-0"]
[WhiteTitle "GM"]
[BlackTitle "GM"]
[WhiteElo "2708"]
[BlackElo "2764"]
[WhiteFideId "24101605"]
[BlackFideId "24116068"]
[EventDate "2020.11.01"]

1. d4 d5 2. c4 c6 3. Nf3 Nf6 4. Qc2 g6 5. cxd5 cxd5 6. Bf4 Nc6 7. Nc3 Bg7 8. e3
O-O 9. Be2 Bf5 10. Qb3 Na5 11. Qb4 a6 12. O-O Rc8 13. Rfc1 b5 14. Ne5 Nc6 15.
Nxc6 Rxc6 16. a4 bxa4 17. Nxa4 a5 18. Qb7 Rxc1+ 19. Rxc1 Ne4 20. Bc7 Qa8 21.
Qxa8 Rxa8 22. Nb6 Ra7 23. Nxd5 Bf8 24. f3 Nd2 25. Nb6 Rb7 26. g4 Bb1 27. Rc6 Ra7
28. Bf4 f6 29. e4 Nxe4 30. fxe4 Bxe4 31. Rc8 Rb7 32. Bh6 1-0

[Event "chess.com Speed 2020"]
[Site "chess.com INT"]
[Date "2020.11.16"]
[Round "1.12"]
[White "Giri, Anish"]
[Black "Artemiev, Vladislav"]
[Result "1/2-1/2"]
[WhiteTitle "GM"]
[BlackTitle "GM"]
[WhiteElo "2764"]
[BlackElo "2708"]
[WhiteFideId "24116068"]
[BlackFideId "24101605"]
[EventDate "2020.11.01"]

1. e4 c5 2. Nf3 a6 3. c3 e6 4. d4 d5 5. e5 Nc6 6. Be2 Bd7 7. O-O Rc8 8. a3 Qb6
9. dxc5 Bxc5 10. b4 Be7 11. c4 dxc4 12. Nbd2 c3 13. Nc4 Qc7 14. Be3 b5 15. Nb6
Rd8 16. Rc1 Nxe5 17. Nxe5 Qxe5 18. Bd4 Qb8 19. Bxg7 Bc6 20. Qb3 Bf6 21. Bxf6
Nxf6 22. Qxc3 Qxb6 23. Qxf6 Rg8 24. Bf3 Bxf3 25. Qxf3 Rg5 26. Rc6 Qd4 27. Rxa6
Qd5 28. Qxd5 Rdxd5 29. g3 Rd2 30. a4 bxa4 31. Rxa4 Rb2 32. Kg2 Kf8 33. Ra5 Rxa5
34. bxa5 Ra2 35. Re1 Rxa5 1/2-1/2

[Event "chess.com Speed 2020"]
[Site "chess.com INT"]
[Date "2020.11.16"]
[Round "1.13"]
[White "Artemiev, Vladislav"]
[Black "Giri, Anish"]
[Result "0-1"]
[WhiteTitle "GM"]
[BlackTitle "GM"]
[WhiteElo "2708"]
[BlackElo "2764"]
[WhiteFideId "24101605"]
[BlackFideId "24116068"]
[EventDate "2020.11.01"]

1. e4 c5 2. Nc3 Nc6 3. g3 g6 4. Bg2 Bg7 5. d3 d6 6. Be3 e6 7. Qd2 Rb8 8. Nge2
Nd4 9. O-O b5 10. Nd1 Nxe2+ 11. Qxe2 Ne7 12. Qd2 O-O 13. Bh6 b4 14. Bxg7 Kxg7
15. Ne3 a5 16. f4 f5 17. Rae1 Bb7 18. exf5 exf5 19. Nc4 Bxg2 20. Qxg2 d5 21.
Nxa5 Ra8 22. Nb3 Qd6 23. d4 c4 24. Nc5 Rf6 25. Re5 Rxa2 26. Rfe1 Ra7 27. h3 c3
28. bxc3 bxc3 29. Kh2 h6 30. R1e3 Kf7 31. Rxc3 Qb6 32. Rce3 Qc6 33. Qe2 Ng8 34.
Re8 Kg7 35. R3e6 Rxe6 36. Nxe6+ Kh7 37. Nf8+ Kg7 38. Qe5+ Kf7 39. Nxg6 Qxc2+ 40.
Qe2 Qxe2+ 41. Rxe2 Kxg6 42. g4 Nf6 43. Kg3 Ra3+ 44. Kh4 Rd3 45. Re6 Rxd4 46. Kg3
Kf7 47. Ra6 Ne4+ 48. Kh4 Nf6 49. Kg3 Re4 50. Ra7+ Re7 51. Ra6 d4 52. g5 Ne4+ 53.
Kh4 hxg5+ 54. fxg5 Re6 55. Ra7+ Kg6 56. Rd7 Rd6 0-1

[Event "chess.com Speed 2020"]
[Site "chess.com INT"]
[Date "2020.11.16"]
[Round "1.14"]
[White "Giri, Anish"]
[Black "Artemiev, Vladislav"]
[Result "1/2-1/2"]
[WhiteTitle "GM"]
[BlackTitle "GM"]
[WhiteElo "2764"]
[BlackElo "2708"]
[WhiteFideId "24116068"]
[BlackFideId "24101605"]
[EventDate "2020.11.01"]

1. e4 c5 2. Nf3 e6 3. d4 cxd4 4. Nxd4 a6 5. c4 Nf6 6. Nc3 Qc7 7. Be2 b6 8. Be3
Bb7 9. f3 Be7 10. Qd2 d6 11. g4 Nfd7 12. g5 Nc6 13. h4 Rc8 14. Rc1 Qd8 15. Rg1
g6 16. h5 Nce5 17. b3 gxh5 18. f4 Ng4 19. Bxg4 hxg4 20. Rxg4 Nc5 21. f5 Qd7 22.
f6 Bf8 23. Rh4 Qc7 24. Kf1 Nd7 25. Nce2 Ne5 26. Nf4 Qd7 27. Qg2 b5 28. cxb5
Rxc1+ 29. Bxc1 axb5 30. Bb2 b4 31. Qe2 Qc8 32. Qb5+ Nd7 33. Nfxe6 fxe6 34. Nxe6
Ba6 35. Nc7+ Qxc7 36. Qxa6 Ne5 37. Bxe5 Qc1+ 38. Kf2 Qc5+ 39. Kf3 Qxe5 40. Qc8+
Kf7 41. Qg4 Qc3+ 42. Ke2 Qc2+ 43. Ke3 Qc1+ 44. Ke2 Qc2+ 45. Ke3 Qc1+ 46. Ke2
Qc2+ 1/2-1/2

[Event "chess.com Speed 2020"]
[Site "chess.com INT"]
[Date "2020.11.16"]
[Round "1.15"]
[White "Artemiev, Vladislav"]
[Black "Giri, Anish"]
[Result "1-0"]
[WhiteTitle "GM"]
[BlackTitle "GM"]
[WhiteElo "2708"]
[BlackElo "2764"]
[WhiteFideId "24101605"]
[BlackFideId "24116068"]
[EventDate "2020.11.01"]

1. d4 Nf6 2. c4 e6 3. Nc3 Bb4 4. Bd2 c5 5. a3 Bxc3 6. Bxc3 Ne4 7. Rc1 b6 8. Nf3
O-O 9. g3 Bb7 10. Bg2 d6 11. O-O Nxc3 12. Rxc3 Nd7 13. dxc5 Nxc5 14. b4 Ne4 15.
Rd3 Qe7 16. Nd2 Nxd2 17. Qxd2 Bxg2 18. Kxg2 Rac8 19. Qf4 Rfd8 20. Rfd1 h6 21.
Rxd6 Rxd6 22. Qxd6 Qxd6 23. Rxd6 Rxc4 24. Rd8+ Kh7 25. Rd7 Kg6 26. Rxa7 Rc3 27.
a4 Rb3 28. b5 Ra3 29. e3 h5 30. Kf3 Ra2 31. h3 Kf6 32. Ra6 g5 33. Ke4 g4 34.
hxg4 hxg4 35. Kf4 Rxf2+ 36. Kxg4 Rb2 37. Kf3 Rb4 38. Ra7 Kg6 39. Ke2 f5 40. Kd3
Kg5 41. Ra6 Kg4 42. Rxb6 Rxa4 43. Rxe6 Kxg3 44. b6 Rb4 45. Kc3 Rb1 46. Kd4 Kf3
47. Kc5 Rc1+ 48. Kd6 Rd1+ 49. Kc7 Rc1+ 50. Rc6 Rb1 51. Rc3 Ke2 52. b7 Kd2 53.
Ra3 Rc1+ 54. Kb6 Rb1+ 55. Ka7 1-0

[Event "chess.com Speed 2020"]
[Site "chess.com INT"]
[Date "2020.11.16"]
[Round "1.16"]
[White "Giri, Anish"]
[Black "Artemiev, Vladislav"]
[Result "1/2-1/2"]
[WhiteTitle "GM"]
[BlackTitle "GM"]
[WhiteElo "2764"]
[BlackElo "2708"]
[WhiteFideId "24116068"]
[BlackFideId "24101605"]
[EventDate "2020.11.01"]

1. e4 e5 2. Nf3 Nf6 3. Nxe5 d6 4. Nf3 Nxe4 5. Nc3 Nf6 6. d4 Be7 7. Bd3 O-O 8.
O-O Bg4 9. h3 Bh5 10. Re1 Re8 11. g4 Bg6 12. Bxg6 hxg6 13. d5 c6 14. Bf4 Nbd7
15. dxc6 bxc6 16. Bxd6 Bxd6 17. Qxd6 Ne5 18. Qxe5 Rxe5 19. Rxe5 Qb6 20. b3 Nd7
21. Re3 Nf8 22. Rd1 Rd8 23. Rde1 Ne6 24. Ne4 Qa5 25. a4 Kf8 26. h4 Nf4 27. Neg5
f6 28. Ne6+ Nxe6 29. Rxe6 Qc3 30. Kg2 Qxc2 31. g5 Qf5 32. R6e4 c5 33. R1e3 Kg8
34. Kg3 Rf8 35. gxf6 gxf6 36. Rf4 Qd7 37. Rc4 Qd6+ 38. Kg2 Qd5 39. Rec3 Qe6 40.
Rxc5 Qg4+ 41. Kh2 Re8 42. R5c4 Qd7 43. Kg2 Re7 44. a5 Kg7 45. b4 Qd5 46. Rc5 Qe6
47. R5c4 Rb7 48. Rd4 Kh6 49. Re3 Qf5 50. Ree4 Rc7 51. Rf4 Qe6 52. Nh2 Kg7 53.
Nf3 Rc2 54. Rde4 Qd6 55. Nd4 Rd2 56. Ne6+ Kf7 57. Ng5+ Kg7 58. Ne6+ Kf7 59. Ng5+
Kg7 60. Ne6+ 1/2-1/2

[Event "chess.com Speed 2020"]
[Site "chess.com INT"]
[Date "2020.11.16"]
[Round "1.17"]
[White "Artemiev, Vladislav"]
[Black "Giri, Anish"]
[Result "1/2-1/2"]
[WhiteTitle "GM"]
[BlackTitle "GM"]
[WhiteElo "2708"]
[BlackElo "2764"]
[WhiteFideId "24101605"]
[BlackFideId "24116068"]
[EventDate "2020.11.01"]

1. e4 e5 2. Nc3 Nf6 3. Bc4 Nxe4 4. Qh5 Nd6 5. Qxe5+ Qe7 6. Qxe7+ Bxe7 7. Be2 Nf5
8. Nf3 c6 9. g4 Nh4 10. Nxh4 Bxh4 11. Ne4 Be7 12. d4 d5 13. Ng3 O-O 14. Bf4 Be6
15. O-O Nd7 16. Rfe1 Rfe8 17. h3 Nf8 18. Nf5 Bxf5 19. gxf5 Nd7 20. Bd3 Nf6 21.
Kg2 Rad8 22. Kf3 Bd6 23. Bg5 Rxe1 24. Rxe1 Kf8 25. c3 Re8 26. Re3 h6 27. Bxf6 1/2-1/2

[Event "chess.com Speed 2020"]
[Site "chess.com INT"]
[Date "2020.11.16"]
[Round "1.18"]
[White "Giri, Anish"]
[Black "Artemiev, Vladislav"]
[Result "0-1"]
[WhiteTitle "GM"]
[BlackTitle "GM"]
[WhiteElo "2764"]
[BlackElo "2708"]
[WhiteFideId "24116068"]
[BlackFideId "24101605"]
[EventDate "2020.11.01"]

1. e4 e5 2. Nf3 Nc6 3. d4 exd4 4. Nxd4 Bc5 5. Nb3 Bb6 6. Nc3 d6 7. Qe2 a5 8. a4
Nb4 9. Bf4 Qf6 10. Bg3 Ne7 11. O-O-O O-O 12. Kb1 Be6 13. h4 Nec6 14. h5 Nxc2 15.
Bh4 Qh6 16. Qxc2 Nb4 17. Qd2 Bxb3 18. Qxh6 gxh6 19. Rh3 f5 20. Rd2 Rae8 21. Bb5
c6 22. Rxd6 Bc7 23. Rd7 Be5 24. Be2 fxe4 25. Rxb7 Bc2+ 26. Ka1 Bd3 27. Bd1 Kh8
28. Rh1 Bd4 29. f3 e3 30. Ne2 Bg7 31. Be1 Rb8 32. Rxb8 Rxb8 33. Bc3 Bxe2 34.
Bxg7+ Kxg7 35. Bxe2 Nc2+ 36. Kb1 Nd4 37. Re1 Kf6 38. Bd3 Re8 39. Bxh7 Kg5 40.
Be4 e2 41. Kc1 Kf4 42. Kd2 Kg3 43. Kd3 c5 44. Ke3 Nc2+ 45. Kxe2 Nxe1 46. Kxe1
Kxg2 47. Ke2 Kg3 48. Kd3 Rb8 49. Kc3 Rb4 50. b3 Kh4 51. Bg6 Kg5 52. Be8 Kf6 53.
Bg6 Ke5 54. Be4 Kd6 55. Bg6 c4 56. Kd4 cxb3+ 0-1

[Event "chess.com Speed 2020"]
[Site "chess.com INT"]
[Date "2020.11.16"]
[Round "1.21"]
[White "Giri, Anish"]
[Black "Artemiev, Vladislav"]
[Result "0-1"]
[WhiteTitle "GM"]
[BlackTitle "GM"]
[WhiteElo "2764"]
[BlackElo "2708"]
[WhiteFideId "24116068"]
[BlackFideId "24101605"]
[EventDate "2020.11.01"]

1. e4 e5 2. Nf3 Nc6 3. d4 exd4 4. Nxd4 Bc5 5. Nb3 Bb4+ 6. c3 Be7 7. f4 d6 8. Bd3
Nf6 9. O-O O-O 10. N1d2 Re8 11. Nf3 Bf8 12. Qc2 Qe7 13. Nbd2 g6 14. Re1 Bg7 15.
Nf1 Bg4 16. Qf2 Rad8 17. h3 Bxf3 18. Qxf3 Nd7 19. Bc2 d5 20. e5 Ndxe5 21. fxe5
Nxe5 22. Qg3 Nf3+ 23. Qxf3 Qxe1 24. Rb1 Qe7 25. Bf4 Be5 26. Be3 d4 27. cxd4 Bxd4
28. Bxd4 Rxd4 29. Bb3 Re4 30. Kh1 Kg7 31. Ng3 Re3 32. Qf2 Re1+ 33. Rxe1 Qxe1+
34. Qxe1 Rxe1+ 35. Kh2 Rb1 36. Ne4 Rxb2 37. Ng5 b5 38. Ne4 a5 39. Bd5 a4 40. Kg3
b4 41. Nc5 b3 42. a3 Rd2 43. Be4 b2 44. Nxa4 Rd4 0-1

[Event "chess.com Speed 2020"]
[Site "chess.com INT"]
[Date "2020.11.16"]
[Round "1.22"]
[White "Artemiev, Vladislav"]
[Black "Giri, Anish"]
[Result "0-1"]
[WhiteTitle "GM"]
[BlackTitle "GM"]
[WhiteElo "2708"]
[BlackElo "2764"]
[WhiteFideId "24101605"]
[BlackFideId "24116068"]
[EventDate "2020.11.01"]

1. d4 Nf6 2. Nc3 d5 3. Bf4 a6 4. e3 e6 5. g4 Bb4 6. Ne2 O-O 7. a3 Be7 8. Ng3 c5
9. g5 Nfd7 10. Qh5 Re8 11. h4 Nc6 12. O-O-O b5 13. dxc5 b4 14. axb4 Nxb4 15. e4
Qa5 16. Kb1 Nxc5 17. exd5 exd5 18. Qf3 Be6 19. Nge2 Bf5 20. Nd4 Nb3 21. Nxb3
Bxc2+ 22. Kc1 Bxb3 23. Bd3 Qa1+ 24. Bb1 Na2+ 25. Nxa2 Bxa2 26. Qd3 Rac8+ 0-1

[Event "chess.com Speed 2020"]
[Site "chess.com INT"]
[Date "2020.11.16"]
[Round "1.23"]
[White "Giri, Anish"]
[Black "Artemiev, Vladislav"]
[Result "1-0"]
[WhiteTitle "GM"]
[BlackTitle "GM"]
[WhiteElo "2764"]
[BlackElo "2708"]
[WhiteFideId "24116068"]
[BlackFideId "24101605"]
[EventDate "2020.11.01"]

1. e4 e5 2. Nf3 Nc6 3. d4 exd4 4. Nxd4 Bc5 5. Nb3 Bb4+ 6. c3 Be7 7. f4 d6 8. Bd3
Nf6 9. O-O O-O 10. N1d2 Re8 11. Nf3 Bf8 12. Qc2 Qe7 13. Re1 g6 14. Nbd4 Bg7 15.
Be3 Bg4 16. Bf2 Nxd4 17. Nxd4 c5 18. Nb3 Qc7 19. Nd2 Bd7 20. Kh1 Bc6 21. c4 Bh6
22. f5 Ng4 23. Bg1 Ne5 24. Be2 Qe7 25. Rad1 Rad8 26. b3 Qh4 27. Nf3 Qxe4 28.
Qxe4 Bxe4 29. Nxe5 Rxe5 30. fxg6 hxg6 31. Bf1 Rde8 32. Re2 R8e6 33. h3 Bf4 34.
Rde1 Bg3 35. Rd1 b6 36. Bh2 Bxh2 37. Kxh2 f5 38. Red2 Kf7 39. Rxd6 Rxd6 40. Rxd6
Re6 41. Rd7+ Re7 42. Rd6 Re6 43. Rd7+ Re7 44. Rd6 f4 45. Kg1 Re6 46. Rd7+ Re7
47. Rd6 Bb1 48. Rd2 Bf5 49. Kf2 g5 50. Be2 Rd7 51. Rb2 Kf6 52. Bf3 Rd3 53. Re2
Rc3 54. Rd2 Rc2 55. Ke2 Ke5 56. Kd1 Rxd2+ 57. Kxd2 Kd4 58. Be2 Be4 59. Bf3 Bb1
60. a3 a5 61. a4 Bd3 62. Bd1 Be4 63. Bf3 Bf5 64. Bd1 Be6 65. Bf3 1-0

[Event "chess.com Speed 2020"]
[Site "chess.com INT"]
[Date "2020.11.16"]
[Round "1.24"]
[White "Artemiev, Vladislav"]
[Black "Giri, Anish"]
[Result "1-0"]
[WhiteTitle "GM"]
[BlackTitle "GM"]
[WhiteElo "2708"]
[BlackElo "2764"]
[WhiteFideId "24101605"]
[BlackFideId "24116068"]
[EventDate "2020.11.01"]

1. Nf3 d5 2. b3 Bf5 3. Bb2 e6 4. g3 h6 5. Bg2 Nf6 6. O-O Nbd7 7. d3 Be7 8. Nbd2
O-O 9. Qe1 Bh7 10. e4 a5 11. a3 c6 12. Qe2 Qb6 13. Rab1 dxe4 14. dxe4 Qa6 15.
Qe3 Rfd8 16. h3 a4 17. b4 c5 18. b5 Qa7 19. c4 Qa5 20. Rbd1 Qc7 21. e5 Ne8 22.
Ne4 Nb6 23. Rc1 Rd7 24. Qe2 Rad8 25. Bc3 Rd3 26. Ne1 Rxc3 27. Nxc3 Rd4 28. Nd1
g5 29. Ne3 Ng7 30. Ng4 Nf5 31. Nf3 Rd8 32. Rfd1 Nd7 33. h4 gxh4 34. Nxh4 Bxh4
35. gxh4 Kh8 36. b6 Qc8 37. Qd2 Nd4 38. Qe3 Rg8 39. Nxh6 Rg7 40. Kh2 Qd8 41. Qf4
Nxe5 42. Bh1 Nd3 43. Rxd3 Bxd3 44. Rg1 Qe7 45. Rxg7 Kxg7 46. Ng4 Bg6 47. Qh6+
Kg8 48. Be4 Nf5 49. Bxf5 exf5 50. Ne3 Qe5+ 51. Kg1 f4 52. Nd5 Qe1+ 53. Kg2 Be4+
54. Kh3 Qh1+ 55. Kg4 Qg2+ 56. Kxf4 Qf3+ 57. Ke5 Bxd5 58. Qg5+ Kf8 59. cxd5 Qc3+
60. Kd6 c4 61. Qd8+ Kg7 62. Qg5+ Kf8 63. Kc7 Qxa3 64. d6 c3 65. d7 1-0

[Event "chess.com Speed 2020"]
[Site "chess.com INT"]
[Date "2020.11.16"]
[Round "1.26"]
[White "Artemiev, Vladislav"]
[Black "Giri, Anish"]
[Result "1/2-1/2"]
[WhiteTitle "GM"]
[BlackTitle "GM"]
[WhiteElo "2708"]
[BlackElo "2764"]
[WhiteFideId "24101605"]
[BlackFideId "24116068"]
[EventDate "2020.11.01"]

1. e4 e5 2. Nc3 Nf6 3. g3 d5 4. exd5 Nxd5 5. Bg2 Nxc3 6. bxc3 Nc6 7. Nf3 Bc5 8.
O-O O-O 9. d3 Re8 10. Qe1 Bf5 11. Ng5 h6 12. Ne4 Bb6 13. a4 Qd7 14. Be3 Bh3 15.
a5 Bxg2 16. Kxg2 Bxa5 17. Qb1 Bb6 18. Qb5 f5 19. Nd2 Kh8 20. Bxb6 cxb6 21. Rfe1
Re7 22. Re2 Rae8 23. Rae1 Qc7 24. Qd5 a6 25. Qf3 Qd7 26. Nc4 b5 27. Ne3 Rf7 28.
Qd5 Qxd5+ 29. Nxd5 Rd8 30. Nb4 Rc8 31. Nd5 Rd8 32. Nb4 Rd6 33. Na2 g6 34. Nc1
Kg7 35. Nb3 Rd5 36. Nd2 Rc7 37. f4 exf4 38. gxf4 Kf7 39. Nf3 Re7 40. h4 Rxe2+
41. Rxe2 Rc5 42. d4 Rxc3 43. d5 Nb4 44. Ne5+ Kf6 45. Nd7+ Kf7 46. Ne5+ Kf6 47.
Nd7+ Kf7 48. Ne5+ 1/2-1/2

[Event "chess.com Speed 2020"]
[Site "chess.com INT"]
[Date "2020.11.16"]
[Round "1.27"]
[White "Giri, Anish"]
[Black "Artemiev, Vladislav"]
[Result "0-1"]
[WhiteTitle "GM"]
[BlackTitle "GM"]
[WhiteElo "2764"]
[BlackElo "2708"]
[WhiteFideId "24116068"]
[BlackFideId "24101605"]
[EventDate "2020.11.01"]

1. e4 c5 2. Nf3 a6 3. c3 d5 4. exd5 Qxd5 5. d4 e6 6. Be3 Nd7 7. c4 Qd6 8. Nc3
Ngf6 9. Be2 b6 10. O-O Bb7 11. Qd2 cxd4 12. Nxd4 Qc7 13. Bf4 Qc8 14. Rfe1 Bc5
15. Nb3 Be7 16. Bd6 Qc6 17. Bf3 Qxd6 18. Bxb7 Qxd2 19. Nxd2 Ra7 20. Bf3 O-O 21.
Red1 Rc7 22. Rac1 Rfc8 23. Be2 Ne5 24. Kf1 g5 25. h3 Kg7 26. c5 Bxc5 27. Bxa6
Rd8 28. Be2 Be7 29. Nde4 Nxe4 30. Nxe4 Rxd1+ 31. Rxd1 f5 32. Nc3 Bb4 33. Nb5 Rc2
34. a3 Be7 35. b4 Kf6 36. Rb1 Ra2 37. Ke1 g4 38. hxg4 Nxg4 39. Bxg4 fxg4 40. Rb3
h5 41. g3 e5 42. Re3 Kf5 43. Nc7 Bg5 44. Rb3 h4 45. gxh4 Bxh4 46. Nd5 Bxf2+ 47.
Kf1 Bd4 0-1

[Event "chess.com Speed 2020"]
[Site "chess.com INT"]
[Date "2020.11.16"]
[Round "1.28"]
[White "Artemiev, Vladislav"]
[Black "Giri, Anish"]
[Result "0-1"]
[WhiteTitle "GM"]
[BlackTitle "GM"]
[WhiteElo "2708"]
[BlackElo "2764"]
[WhiteFideId "24101605"]
[BlackFideId "24116068"]
[EventDate "2020.11.01"]

1. d4 Nf6 2. c4 e6 3. Nf3 d5 4. e3 Bd6 5. b3 O-O 6. Bb2 b6 7. Bd3 Bb7 8. O-O
Nbd7 9. Nc3 dxc4 10. bxc4 c5 11. d5 exd5 12. Nxd5 Nxd5 13. cxd5 Qe7 14. Qc2 g6
15. Rad1 Rad8 16. Qc3 f6 17. e4 Ne5 18. Nd2 Nxd3 19. Qxd3 Be5 20. Bxe5 Qxe5 21.
Qa3 Qc7 22. Rfe1 f5 23. Qc3 fxe4 24. Nxe4 Qg7 25. Qb3 Rf5 26. d6+ Qf7 27. Qb2
Bxe4 28. Rxe4 Rd5 29. Rde1 R5xd6 30. Qc3 Rd3 31. Qe5 R3d5 32. Qg3 Rd1 33. h4
Qxa2 34. Kh2 Rxe1 35. Rxe1 Qd5 36. Qg4 Qf5 37. Qg3 Rf8 38. Kg1 Qf6 39. Qb3+ Rf7
40. Qc2 Qxh4 41. Re8+ Kg7 42. g3 Qf6 43. Qe2 h5 44. Re6 Qf5 45. Qb2+ Kh7 46. Re8
Qf6 47. Qe2 c4 48. Rc8 c3 49. f4 Qd4+ 50. Kh1 Qd5+ 51. Kg1 Qd4+ 52. Kh1 Rd7 53.
Qe6 Qd1+ 0-1

[Event "chess.com Speed 2020"]
[Site "chess.com INT"]
[Date "2020.11.16"]
[Round "1.31"]
[White "Giri, Anish"]
[Black "Artemiev, Vladislav"]
[Result "0-1"]
[WhiteTitle "GM"]
[BlackTitle "GM"]
[WhiteElo "2764"]
[BlackElo "2708"]
[WhiteFideId "24116068"]
[BlackFideId "24101605"]
[EventDate "2020.11.01"]

1. e4 c5 2. Nf3 a6 3. c3 d5 4. exd5 Qxd5 5. d4 Nf6 6. Be3 cxd4 7. cxd4 e6 8. Bd3
Nc6 9. O-O Be7 10. Nc3 Qd6 11. Rc1 O-O 12. Re1 Nb4 13. Bb1 b5 14. Bg5 Bb7 15. a3
Nbd5 16. Nxd5 Nxd5 17. Qd3 g6 18. Bh6 Rfc8 19. Ne5 Bf8 20. Bxf8 Rxf8 21. Qd2
Rad8 22. h4 Qe7 23. h5 Qh4 24. hxg6 fxg6 25. Be4 Ba8 26. g3 Qf6 27. Qe2 Qe7 28.
Rc5 Qd6 29. Rec1 Ne7 30. Bxa8 Rxa8 31. Nf3 Rae8 32. Qe4 Nf5 33. Rc6 Nxg3 34. Qg4
Qd5 35. fxg3 Rxf3 36. R1c5 Qb3 37. Kg2 Rd3 38. Rc2 Qd5+ 39. Kh2 Rxd4 40. Qe2 e5
41. Rc7 Rd1 42. Qg2 e4 43. Qf2 Qh5+ 44. Kg2 Qh1# 0-1